00523cam a22002054a 45000010009000000050017000090080041000260100017000670200028000840200031001120400018001430410008001610420008001690430012001770800021001890820025002101000007002351010008002422450067002501425212020180301033946.0060202s2007 enka 001 0 eng  a 2006003813 a0195310624 (alk. paper) a9780195310627 (alk. paper) aDLCcDLCdDLC aeng apcc aa-io--- a332.67309598 WEL00a332.67309598 WEL2221 a20 aPOL10aMaking foreign investment safe :cLouis T. Wells, Rafiq Ahmed.